Loading...
| Literature - European | 0 | 7 | 0 | 0 | 70 | 41 | 76.43 | 1 | 7 | 0.00 | 0.00 |
| Literature - British | 0 | 6 | 0 | 0 | 60 | 32 | 80.67 | 2 | 5 | 0.00 | 0.00 |
| History - World | 0 | 6 | 0 | 2 | 60 | 34 | 72.00 | 0 | 3 | 0.00 | 0.00 |
| Literature - World | 0 | 6 | 0 | 1 | 60 | 49 | 78.00 | 1 | 6 | 0.00 | 0.00 |
| Mythology | 0 | 5 | 1 | 2 | 45 | 56 | 87.60 | 0 | 3 | 0.00 | 0.00 |
| Religion | 0 | 5 | 1 | 0 | 45 | 34 | 53.20 | 3 | 5 | 0.00 | 0.00 |
| Philosophy | 0 | 4 | 0 | 0 | 40 | 36 | 68.75 | 1 | 2 | 0.00 | 0.00 |
| History - American | 0 | 4 | 1 | 0 | 35 | 33 | 46.75 | 2 | 3 | 0.00 | 0.00 |
| Science - Physics | 0 | 4 | 1 | 1 | 35 | 50 | 72.00 | 0 | 2 | 0.00 | 0.00 |
| Science - Chemistry | 0 | 3 | 0 | 0 | 30 | 8 | 32.33 | 1 | 3 | 0.00 | 0.00 |
| Fine Arts - Classical Music | 0 | 3 | 0 | 0 | 30 | 32 | 69.00 | 0 | 2 | 0.00 | 0.00 |
| Literature - American | 0 | 3 | 1 | 0 | 25 | 56 | 78.67 | 1 | 3 | 0.00 | 0.00 |
| History - Other | 0 | 3 | 1 | 1 | 25 | 70 | 91.00 | 0 | 2 | 0.00 | 0.00 |
| Painting/Sculpture | 0 | 3 | 1 | 0 | 25 | 64 | 89.67 | 0 | 1 | 0.00 | 0.00 |
| History - European | 0 | 3 | 2 | 0 | 20 | 53 | 74.33 | 0 | 2 | 0.00 | 0.00 |
| Geography | 0 | 2 | 0 | 0 | 20 | 59 | 83.50 | 0 | 1 | 0.00 | 0.00 |
| Fine Arts - Other | 0 | 2 | 0 | 1 | 20 | 85 | 101.50 | 0 | 2 | 0.00 | 0.00 |
| Social Science | 0 | 2 | 1 | 0 | 15 | 36 | 48.50 | 0 | 1 | 0.00 | 0.00 |
| Science - Other | 0 | 2 | 1 | 1 | 15 | 45 | 50.00 | 0 | 2 | 0.00 | 0.00 |
| Current Events | 0 | 2 | 1 | 0 | 15 | 42 | 46.00 | 0 | 2 | 0.00 | 0.00 |
| Science - Biology | 0 | 1 | 0 | 0 | 10 | 56 | 56.00 | 0 | 0 | 0.00 | 0.00 |